Interkultúrna komunikácia v cestovnom ruchu diplomová práca

Salvato in:
Dettagli Bibliografici
Autore principale: Vörös, Rozália
Ente Autore: Obchodná fakulta EU. Katedra služieb a cestovného ruchu - zrušené
Altri autori: Benčič, Stanislav
Natura: Libro
Lingua:slovacco
Pubblicazione: Bratislava 2010
Tags: Aggiungi Tag
Nessun Tag, puoi essere il primo ad aggiungerne!!

MARC

LEADER 00000nam$a2200000$$$4500
001 0123522
005 20240318122326.6
041 0 |a slo 
044 |a SK 
245 1 0 |a Interkultúrna komunikácia v cestovnom ruchu  |b diplomová práca  |c Rozália Vörös ; škol. Stanislav Benčič 
264 1 |a Bratislava  |c 2010 
300 |a 62 s. 
100 1 |a Vörös, Rozália 
700 1 |a Benčič, Stanislav 
710 2 |a Obchodná fakulta EU. Katedra služieb a cestovného ruchu - zrušené